000 00608nam a22002057a 4500
005 20251108174704.0
008 250721s9999 xx 000 0 ara d
020 _a9953720622
082 1 4 _a649.3/رضا
100 1 _aالرقا، مصطفى
_eمترجم
245 1 0 _aالرضاع الطبيعي /
264 1 _aبيروت :
_bدار القلم للطباعة و النشر و التوزيع،
_c[200-].
300 _a105 ص.
490 0 _aالأهل
650 1 7 _aالرضع
650 1 7 _aالاطفال
700 1 _aالكردي، بسام
_eمترجم
942 _2ddc
_cBK
999 _c115518
_d115518